000 00998nam a2200265 i 4500
003 OSt
005 20260329111949.0
008 260329s2025 my grb 001 0aeng d
020 _a9789670037998
_cRM 55.00
_qpaperback
040 _aPPAK
_beng
_cPPAK
_erda
082 0 4 _223
_a808.53
090 0 0 _a808.53
_bSYA
_dG
100 0 _aSyamsyuddin Arif,
_eauthor.
245 1 0 _aDEBATE AND ARGUMENTATION IN ISLAM :
_bA Historical Overview and Translation of al-Iji's, Taskopruzade's, and al-Hifni's Texts on Adab al-Bahth wa al-Munazarah /
_cSyamsyuddin Arif
264 1 _aKuala Lumpur :
_bHEREO INK PRESS (Imprint IBDE Ilham Sdn. Bhd.),
_c2025
300 _axii, 124 pages :
_billustrations ;
_c22 cm
336 _atext
_2rdacontent
337 _aunmediated
_2rdamedia
338 _avolume
_2rdacarrier
500 _aIncludes index
650 1 0 _aDebates and debating
650 2 0 _aDebates and debating
_xReligious aspects
_xIslam
650 2 0 _aReasoning
942 _2ddc
_cB
999 _c203529
_d203529